|
|
|
|
| LEADER |
03683nam a22004455i 4500 |
| 001 |
978-1-84628-447-2 |
| 003 |
DE-He213 |
| 005 |
20151204150441.0 |
| 007 |
cr nn 008mamaa |
| 008 |
100301s2006 xxk| s |||| 0|eng d |
| 020 |
|
|
|a 9781846284472
|9 978-1-84628-447-2
|
| 024 |
7 |
|
|a 10.1007/1-84628-447-3
|2 doi
|
| 040 |
|
|
|d GrThAP
|
| 050 |
|
4 |
|a QA76.758
|
| 072 |
|
7 |
|a UMZ
|2 bicssc
|
| 072 |
|
7 |
|a COM051230
|2 bisacsh
|
| 082 |
0 |
4 |
|a 005.1
|2 23
|
| 245 |
1 |
0 |
|a Developments in Risk-based Approaches to Safety
|h [electronic resource] :
|b Proceedings of the Fourteenth Safety-critical Systems Symposium, Bristol, UK, 7–9 February 2006 /
|c edited by Felix Redmill, Tom Anderson.
|
| 264 |
|
1 |
|a London :
|b Springer London,
|c 2006.
|
| 300 |
|
|
|a X, 292 p. 68 illus.
|b online resource.
|
| 336 |
|
|
|a text
|b txt
|2 rdacontent
|
| 337 |
|
|
|a computer
|b c
|2 rdamedia
|
| 338 |
|
|
|a online resource
|b cr
|2 rdacarrier
|
| 347 |
|
|
|a text file
|b PDF
|2 rda
|
| 505 |
0 |
|
|a Tutorial -- People and Systems: Striking a Safe Balance between Human and Machine -- New Approaches to Risk Assessment -- Risk Assessment for M42 Active Traffic Management -- Safety Risk Assessment by Monte Carlo Simulation of Complex Safety Critical Operations -- So how do you make a full ALARP justification? Introducing the Accident Tetrahedron as a guide for Approaching Completeness. -- Experience of Developing Safety Cases -- Safety Case Practice - Meet the Challenge -- Safety Case Development - a Practical Guide -- Management Influence on Safety -- Governing Safety Management -- Understanding the Risks Posed by Management -- Common Law Safety Case Approaches to Safety Critical Systems Assurance -- Software Safety -- Ada 2005 for High-Integrity Systems -- Safety Aspects of a Landing Gear System -- New Technologies in Safety-Critical Systems -- Optimising Data-Driven Safety Related Systems -- Classification with Confidence for Critical Systems -- Use of Graphical Probabilistic Models to build SIL claims based on software safety standards such as IEC61508-3 -- Adding Dimensions to Safety Cases -- Safety arguments for use with data-driven safety systems -- Gaining Confidence in Goal-based Safety Cases.
|
| 520 |
|
|
|a Developments in Risk-based Approaches to Safety contains the invited papers presented at the Fourteenth annual Safety-critical Systems Symposium, held at Bristol, UK in February 2006. The papers included in this volume address the most critical topics in the field of safety-critical systems. The focus this year, considered from various perspectives, is on recent developments in risk-based approaches. Subjects discussed include innovation in risk analysis, management risk, the safety case, software safety, language development and the creation of systems for complex control functions. Papers provide a mix of industrial experience and academic research results and are presented under the headings: Tutorial, New Approaches to Risk Assessment, Experience of Developing Safety Cases, Management Influence on Safety, Software Safety, New Technologies in Safety-critical Systems, Adding Dimensions to Safety Cases.
|
| 650 |
|
0 |
|a Computer science.
|
| 650 |
|
0 |
|a Computer system failures.
|
| 650 |
|
0 |
|a Software engineering.
|
| 650 |
1 |
4 |
|a Computer Science.
|
| 650 |
2 |
4 |
|a Software Engineering.
|
| 650 |
2 |
4 |
|a System Performance and Evaluation.
|
| 700 |
1 |
|
|a Redmill, Felix.
|e editor.
|
| 700 |
1 |
|
|a Anderson, Tom.
|e editor.
|
| 710 |
2 |
|
|a SpringerLink (Online service)
|
| 773 |
0 |
|
|t Springer eBooks
|
| 776 |
0 |
8 |
|i Printed edition:
|z 9781846283338
|
| 856 |
4 |
0 |
|u http://dx.doi.org/10.1007/1-84628-447-3
|z Full Text via HEAL-Link
|
| 912 |
|
|
|a ZDB-2-SCS
|
| 950 |
|
|
|a Computer Science (Springer-11645)
|